Statistics for Country Transits: Closest Countries to Guinea by Starting Letter

Click here to take the quiz!

General Stats

  • This quiz has been taken 110 times
  • The average score is 20 of 24

Answer Stats

Letter Country % Correct
AAlgeria (2)
98%
GGuinea-Bissau (1)
94%
BBurkina Faso (2)
94%
MMali (1)
93%
QQatar (8)
93%
NNiger (2)
93%
LLiberia (1)
93%
TTogo-Tunisia (3)
92%
OOman (8)
92%
YYemen (8)
92%
ZZambia (6)
91%
SSenegal-Sierra Leone (1)
91%
EEgypt (4)
86%
FFrance (5)
84%
VVatican City-Venezuela (7)
83%
RRepublic of the Congo (5)
82%
DDemocratic Republic of the Congo (5)
82%
JJordan (6)
80%
KKenya (6)
77%
CCote d'Ivoire (1)
72%
HHungary (8)
71%
PPortugal (5)
69%
IIsrael (5)
67%
UUnited Kingdom (5)
66%

Score Distribution

Percentile by Number Answered

Percent of People with Each Score

Your Score History

You have not taken this quiz